logo

Bir Sreshtho Munshi Abdur Rouf Library
Jhenaidah Cadet College

How much money does an economy need? : (Record no. 6025)

MARC details
000 -LEADER
fixed length control field 01064cam a2200313 a 4500
001 - CONTROL NUMBER
JCCL Control Number 6025
003 - CONTROL NUMBER IDENTIFIER
JCCL marc code BD-JhCC
005 - DATE AND TIME OF LATEST TRANSACTION
control field 20180101095506.0
008 - FIXED-LENGTH DATA ELEMENTS--GENERAL INFORMATION
fixed length control field 071228s2007 vau b 001 0 eng
020 ## - INTERNATIONAL STANDARD BOOK NUMBER
International Standard Book Number 9780975366271 (hbk.)
020 ## - INTERNATIONAL STANDARD BOOK NUMBER
International Standard Book Number 0975366270 (hbk.)
035 ## - SYSTEM CONTROL NUMBER
system control number (BD-JhCC)6025
035 ## - SYSTEM CONTROL NUMBER
system control number (OCoLC)185123516
040 ## - CATALOGING SOURCE
Original cataloging agency DLC
Transcribing agency DLC
Modifying agency YDX
-- BAKER
-- YDXCP
-- BTCTA
-- DLC
-- BD-JhCC
041 ## - LANGUAGE CODE
Language code of Book eng
050 00 - LIBRARY OF CONGRESS CALL NUMBER
Classification number HG221
Item number .L486 2007
082 00 - DEWEY DECIMAL CLASSIFICATION NUMBER
Classification number 332.4/6
DDC Edition number 22
Author mark and Year LEW 2007
100 1# - MAIN ENTRY--PERSONAL NAME
Personal name Lewis, Hunter.
245 10 - TITLE STATEMENT
Title How much money does an economy need? :
Remainder of title solving the central economic puzzle of money, prices, and jobs /
Statement of responsibility, etc Hunter Lewis.
260 ## - PUBLICATION, DISTRIBUTION, ETC. (IMPRINT)
Place of publication, distribution, etc Mount Jackson, VA :
Name of publisher, distributor, etc Axios Press :
-- Distributed by National Book Network,
Date of publication, distribution, etc c2007.
300 ## - PHYSICAL DESCRIPTION
Pagination vi, 185 p. ;
Dimensions 21 cm.
504 ## - BIBLIOGRAPHY, ETC. NOTE
Bibliography, etc Includes bibliographical references (p. 171-177) and index.
650 #0 - SUBJECT ADDED ENTRY--TOPICAL TERM
Topical term or geographic name as entry element Money.
650 #0 - SUBJECT ADDED ENTRY--TOPICAL TERM
Topical term or geographic name as entry element Monetary policy.
650 #0 - SUBJECT ADDED ENTRY--TOPICAL TERM
Topical term or geographic name as entry element Economics.
856 41 - ELECTRONIC LOCATION AND ACCESS
Materials specified Table of contents only
Uniform Resource Identifier http://www.loc.gov/catdir/toc/ecip087/2007052820.html
942 ## - ADDED ENTRY ELEMENTS (KOHA)
Source of classification or shelving scheme Dewey Decimal Classification
Koha item type Books
Holdings
Source of classification or shelving scheme Damaged status Not for loan Home library Current library Shelving location Date of accession Total Checkouts Full call number Barcode Date last seen Copy number Koha item type
Dewey Decimal Classification     JCC Rouf Library JCC Rouf Library General Stacks 01/01/2018   332.4/6 LEW 2007 8443 01/01/2018 C - 1 Books

JCC Library | Contacts | JCC Home

Last Update on 23 September 2017
Copyright @ 2017-2020 JCC Rouf Library
Rouf Library, Jhenidah Cadet College (JCC), Bangladesh